Catalog

Record Details

Catalog Search



Take & Read : spiritual reading : An Annotated List / Eugene H. Peterson Cover Image Book Book

Take & Read : spiritual reading : An Annotated List / Eugene H. Peterson

Peterson, Eugene H. (Author). : : (Author).

Record details

  • ISBN: 0-8028-4096-5
  • Physical Description: 122 s.
  • Edition: First published.
  • Publisher: Grand Rapids, Michigan ; Vancouver British Cilumbia : William B. Eerdmans Publishing Company, Regent College Publishing, 1995

Available copies

  • 1 of 1 copy available at Common Catalog SPOK.

Holds

  • 0 current holds with 1 total copy.
Show Only Available Copies
Location Call Number / Copy Notes Barcode Shelving Location Status Due Date
ETS Library 248 424470016965 Volný výběr Available -

LDR 00821nam a2200265 i 4500
00142182
003CZ-PrJAB
00520190220102416.0
007ta
008 s1995 xr e 000 0 cze
020 . ‡a0-8028-4096-5
035 . ‡a(CONS)14236
040 . ‡aABG450 ‡bcze ‡erda
072 7. ‡2Konspekt
082 . ‡a248
1001 . ‡aPeterson, Eugene H.
1112 . ‡n: ‡d:
24510. ‡aTake & Read : ‡bspiritual reading : An Annotated List / ‡nEugene H. Peterson
250 0. ‡aFirst published.
264 1. ‡aGrand Rapids, Michigan ; Vancouver British Cilumbia : ‡bWilliam B. Eerdmans Publishing Company, Regent College Publishing, ‡c1995
300 . ‡a122 s.
336 . ‡atext ‡btxt ‡2rdacontent
338 . ‡asvazek ‡bnc ‡2rdacarrier
8524 . ‡bETS ‡bETS ‡cVolný výběr ‡j248 ‡p424470016965 ‡y$50.00
910 . ‡aABG450
999 . ‡a14236 ‡c14236 ‡tbiblio
905 . ‡uadmin
901 . ‡a42182 ‡b ‡c42182 ‡tbiblio ‡sets

Additional Resources